000 00463nam a22001577a 4500
999 _c3354
_d3354
003 URS
005 20220114142452.0
008 190529s1955 a|||| |||| 00| 0 eng d
040 _beng
_cURS
_drda
050 1 4 _aHF 5635
_b.K165 1955
100 _aKarrenbrook, Wilbert
245 2 0 _aAdvanced accounting
_cWilbert Karrenbrook, Henry Simons
260 _aChicago:
_bSouth-Western Publisher
_c[1955]
300 _av, 276 pages
_bwith illustrations
_c23 cm
942 _2lcc
_cFR